Kształty państw, których nazwa ma 5 liter - Statystyki

Ogólne statystyki
  • Ten quiz został rozwiązany 16 razy
  • Średni wynik to 19 z 29
Statystyki odpowiedzi
Obrazkowy Odpowiedź % Poprawnych
Chile
100%
Chiny
92%
Egipt
92%
Indie
92%
Rosja
92%
Dania
77%
Libia
77%
Litwa
69%
Malta
69%
Niger
69%
Sudan
69%
Syria
69%
Węgry
69%
Benin
62%
Gabon
62%
Ghana
62%
Haiti
62%
Jemen
62%
Kongo
62%
Łotwa
62%
Nepal
62%
Tonga
62%
Fidżi
54%
Katar
54%
Nauru
54%
Palau
54%
Kenia
46%
Liban
46%
Samoa
46%
Nie znaleziono quizów pasujących do podanych kryteriów
Rozkład punktacji
Procent ludzi z każdym wynikiem
Percentyl według liczby udzielonych odpowiedzi
Twoja historia wyników
Nie rozwiązałeś tego quizu